Estadísticas para Estaciones del Metro de Medellín

Haz click aquí para intentar la prueba.

Estadísticas generales

  • Esta prueba ha sido intentada 6 veces
  • La puntuación promedio es 12 de 27

Estadísticas de respuestas

Respuesta% Correcto
Niquía
100%
Estadio
75%
La estrella
75%
San Antonio
75%
Aguacatala
50%
Alpujarra
50%
Bello
50%
Envigado
50%
Hospital
50%
Industriales
50%
Itagüí
50%
Poblado
50%
Sabaneta
50%
San Javier
50%
Santa Lucía
50%
Universidad
50%
Acevedo
25%
Ayurá
25%
Caribe
25%
Cisneros
25%
Exposiciones
25%
Floresta
25%
Madera
25%
Parque Berrío
25%
Prado
25%
Suramericana
25%
Tricentenario
25%

Distribución de puntuación

Porcentaje por número respondido

Porcentaje de gente con cada puntuación

Historial de tus puntuaciones

No has intentado esta prueba.